000 01657nam a2200373 a 4500
001 ebr10681220
003 CaPaEBR
006 m u
007 cr cn|||||||||
008 120505s2012 nyu sb 001 0 eng d
010 _z 2012009332
020 _z9781620813560 (hardcover)
020 _z9781620813881 (e-book)
040 _aCaPaEBR
_cCaPaEBR
035 _a(OCoLC)841168612
050 1 4 _aRA645.N87
_bA65 2012eb
082 0 4 _a362.1963/9
_223
245 0 0 _aApplied public health
_h[electronic resource] :
_bexamining multifaceted social or ecological problems and child maltreatment /
_cJohn R. Lutzker and Joav Merrick, editors.
260 _aHauppauge, N.Y. :
_bNova Science Publishers,
_c2012.
300 _axiii, 251 p.
490 1 _aHealth and human development
504 _aIncludes bibliographical references and index.
505 0 _asection I. Violence and behavioral problems -- section II. Qualitative studies -- section III. Child maltreatment -- section IV. Acknowledgments -- section V. Index.
533 _aElectronic reproduction.
_bPalo Alto, Calif. :
_cebrary,
_d2013.
_nAvailable via World Wide Web.
_nAccess may be limited to ebrary affiliated libraries.
650 0 _aMalnutrition
_xSocial aspects.
650 0 _aPublic health.
650 0 _aGlobalization
_xHealth aspects.
655 7 _aElectronic books.
_2local
700 1 _aLutzker, John R.,
_d1947-
700 1 _aMerrick, Joav,
_d1950-
710 2 _aebrary, Inc.
830 0 _aHealth and human development series.
856 4 0 _uhttp://site.ebrary.com/lib/rucke/Doc?id=10681220
_zAn electronic book accessible through the World Wide Web; click to view
999 _c157184
_d157184